[Event "Prague Summer op-B 6th"]
[Site "Prague"]
[Date "2019.08.04"]
[Round "4"]
[White "Soural, Karel"]
[Black "Trefilik, Jiri"]
[Result "1-0"]
[WhiteElo "1923"]
[BlackElo "1529"]
[PlyCount "41"]
[EventDate "2019.08.02"]
[EventType "swiss"]
[EventRounds "9"]
[EventCountry "CZE"]
[SourceTitle "EXT 2020"]
[Source "ChessBase"]
[SourceDate "2019.10.17"]
[SourceVersion "1"]
[SourceVersionDate "2019.10.17"]
[SourceQuality "1"]

1. e4 e5 2. Nf3 Nc6 3. Bc4 Bc5 4. d3 Nf6 5. Nc3 d6 6. h3 Be6 7. Bb3 a6 8. Be3 Nd4 9. Bxd4 exd4 10. Ne2 Bb4+ 11. c3 dxc3 12. bxc3 Bc5 13. Bxe6 fxe6 14. Qb3 Qc8 15. Ng5 0-0 16. Qxe6+ Qxe6 17. Nxe6 Bxf2+ 18. Kxf2 Nxe4+ 19. Ke3 Rae8 20. Nxf8 Ng3+ 21. Kf3 1-0

[Event "Prague Summer op-B 6th"]
[Site "Prague"]
[Date "2019.08.02"]
[Round "1"]
[White "Seiner, Frantisek"]
[Black "Soural, Karel"]
[Result "0-1"]
[WhiteElo "1550"]
[BlackElo "1923"]
[PlyCount "88"]
[EventDate "2019.08.02"]
[EventType "swiss"]
[EventRounds "9"]
[EventCountry "CZE"]
[SourceTitle "EXT 2020"]
[Source "ChessBase"]
[SourceDate "2019.10.17"]
[SourceVersion "1"]
[SourceVersionDate "2019.10.17"]
[SourceQuality "1"]

1. e4 e5 2. Nf3 Nc6 3. Bc4 Nf6 4. d3 Be7 5. Nc3 d6 6. Bg5 0-0 7. 0-0 Bg4 8. h3 Bh5 9. Bxf6 Bxf6 10. g4 Bg6 11. Nd5 Na5 12. Bb3 Nxb3 13. axb3 a6 14. Qd2 c6 15. Ne3 d5 16. Nf5 Bxf5 17. gxf5 dxe4 18. dxe4 Qxd2 19. Nxd2 Rad8 20. Rfd1 Rd7 21. Kf1 g6 22. fxg6 fxg6 23. Nc4 Rfd8 24. Rxd7 Rxd7 25. Ke2 Kf7 26. Rd1 Rxd1 27. Kxd1 b5 28. Ne3 Bg5 29. Ng4 Ke6 30. c3 h5 31. Nh2 Bf4 32. Nf1 Kf6 33. Ng3 Kg5 34. Ne2 Bh2 35. Ke1 Kh4 36. f4 exf4 37. e5 f3 38. Nd4 Bg3+ 39. Kf1 Kxh3 40. Nxc6 g5 41. e6 Bd6 42. Nd4 g4 43. Nf5 g3 44. Ne3 Kh2 0-1

[Event "Pardubice Czech op-C 30th"]
[Site "Pardubice"]
[Date "2019.07.26"]
[Round "8"]
[White "Soural, Karel"]
[Black "Simkin, Alexander"]
[Result "1-0"]
[WhiteElo "1935"]
[BlackElo "1820"]
[PlyCount "69"]
[EventDate "2019.07.20"]
[EventType "swiss"]
[EventRounds "9"]
[EventCountry "CZE"]
[SourceTitle "EXT 2020"]
[Source "ChessBase"]
[SourceDate "2019.10.17"]
[SourceVersion "1"]
[SourceVersionDate "2019.10.17"]
[SourceQuality "1"]

1. e4 c5 2. Nf3 d6 3. d4 cxd4 4. Nxd4 Nf6 5. Nc3 a6 6. h3 e5 7. Nde2 Be6 8. g4 Be7 9. Bg2 h6 10. Be3 Nbd7 11. Qd2 b5 12. Ng3 Rc8 13. Rc1 Nb6 14. b3 Qc7 15. Nd5 Nbxd5 16. exd5 Bd7 17. c4 0-0 18. 0-0 Qb7 19. c5 Qb8 20. c6 Be8 21. Nf5 Qc7 22. Bb6 Qxb6 23. Nxe7+ Kh8 24. Nxc8 Qc7 25. Nxd6 Qxd6 26. Rfd1 Ng8 27. Qc2 Ne7 28. Qc5 Qf6 29. d6 Ng6 30. d7 Bxd7 31. Rxd7 Rc8 32. c7 Nf4 33. Rd8+ Rxd8 34. cxd8Q+ Qxd8 35. Qc8 1-0

[Event "Pardubice Czech op-C 29th"]
[Site "Pardubice"]
[Date "2018.07.22"]
[Round "2"]
[White "Khachatryan, Taron"]
[Black "Soural, Karel"]
[Result "0-1"]
[WhiteElo "1719"]
[BlackElo "1951"]
[PlyCount "140"]
[EventDate "2018.07.21"]
[EventType "swiss"]
[EventRounds "9"]
[EventCountry "CZE"]
[SourceTitle "CBM 186 Extra"]
[Source "ChessBase"]
[SourceDate "2018.08.24"]
[SourceVersion "1"]
[SourceVersionDate "2018.08.24"]
[SourceQuality "1"]

1. Nf3 d5 2. g3 c5 3. Bg2 Nc6 4. d4 e6 5. c3 Bd6 6. 0-0 Nf6 7. e3 0-0 8. Nbd2 b6 9. Re1 Bb7 10. h3 Qc7 11. Nh2 e5 12. dxc5 bxc5 13. e4 dxe4 14. Nxe4 Nxe4 15. Bxe4 Rad8 16. Qc2 h6 17. Be3 Bc8 18. g4 Ne7 19. Qe2 f5 20. gxf5 Bxf5 21. Bxf5 Rxf5 22. Nf1 Rdf8 23. Qg4 R8f6 24. Qc4+ Kh7 25. Ng3 Rg6 26. Qe4 Rf4 27. Bxf4 exf4 28. Rad1 fxg3 29. f4 c4 30. Re2 Ng8 31. f5 Rf6 32. Red2 Bc5+ 33. Kg2 Qc6 34. Qxc6 Rxc6 35. Kxg3 Ne7 36. Kf4 Rf6 37. Ke4 Nxf5 38. Kd5 Bb6 39. Ke4 Ne3 40. Re1 g5 41. Rde2 Rf4+ 42. Ke5 Rf3 43. Rh1 Kg6 44. Rd2 Rf6 45. b3 h5 46. Rd7 Rc6 47. b4 Bc7+ 48. Kd4 Bb6+ 49. Ke5 Ng2 50. Rhd1 Nf4 51. R1d6+ Rxd6 52. Rxd6+ Kf7 53. Kf5 Nxh3 54. Rh6 h4 55. Kg4 Be3 56. Rh7+ Kg6 57. Rh8 Nf2+ 58. Kf3 Bb6 59. a4 g4+ 60. Kg2 Kg5 61. Rg8+ Kf4 62. Rf8+ Ke3 63. a5 h3+ 64. Kg1 Bc7 65. Re8+ Ne4 66. b5 Bxa5 67. Ra8 Bb6 68. Re8 g3 69. Kh1 g2+ 70. Kh2 Kd3 0-1

[Event "Oravska Priehrada op"]
[Site "Namestovo"]
[Date "2017.08.27"]
[Round "6"]
[White "Soural, Jan"]
[Black "Soural, Karel"]
[Result "1-0"]
[WhiteElo "2163"]
[BlackElo "1950"]
[PlyCount "47"]
[EventDate "2017.08.25"]
[EventType "swiss"]
[EventRounds "7"]
[EventCountry "SVK"]
[SourceTitle "CBM 180 Extra"]
[Source "ChessBase"]
[SourceDate "2017.10.06"]
[SourceVersion "1"]
[SourceVersionDate "2017.10.06"]
[SourceQuality "1"]

1. d4 d5 2. c4 e6 3. Nc3 Nf6 4. cxd5 exd5 5. Bg5 Be7 6. e3 c6 7. Bd3 0-0 8. Qc2 h6 9. Bh4 Nbd7 10. Nf3 b6 11. 0-0 Bb7 12. Rad1 Ne8 13. Bg3 Bd6 14. e4 Bxg3 15. hxg3 dxe4 16. Nxe4 Ndf6 17. Ne5 Qc7 18. Rc1 Rd8 19. Nf3 Nd5 20. a3 Nef6 21. Rfe1 Rfe8 22. Ne5 Re6 23. Nd2 Qe7 24. Bf5 1-0

[Event "Oravska Priehrada op"]
[Site "Namestovo"]
[Date "2017.08.26"]
[Round "4"]
[White "Mizicka, Matus"]
[Black "Soural, Karel"]
[Result "0-1"]
[WhiteElo "1817"]
[BlackElo "1950"]
[PlyCount "80"]
[EventDate "2017.08.25"]
[EventType "swiss"]
[EventRounds "7"]
[EventCountry "SVK"]
[SourceTitle "CBM 180 Extra"]
[Source "ChessBase"]
[SourceDate "2017.10.06"]
[SourceVersion "1"]
[SourceVersionDate "2017.10.06"]
[SourceQuality "1"]

1. e4 e5 2. Nc3 Nc6 3. f4 exf4 4. Nf3 g5 5. Bc4 Bg7 6. d3 d6 7. 0-0 Ne5 8. Nxe5 dxe5 9. b3 Nf6 10. Nd5 c6 11. Nxf6+ Bxf6 12. Qh5 0-0 13. Ba3 b5 14. Bxf8 Qxf8 15. g3 bxc4 16. bxc4 Qd6 17. gxf4 exf4 18. Rae1 Bd4+ 19. Kh1 Qg6 20. Qf3 Be3 21. e5 h5 22. Rxe3 fxe3 23. Qxe3 Be6 24. Rf6 Qg7 25. Qc5 g4 26. Qxc6 Rf8 27. d4 Qg5 28. Rf1 Rc8 29. Qb7 Rxc4 30. d5 Bf5 31. Qxa7 Be4+ 32. Kg1 Bxd5 33. e6 Bxe6 34. Qb8+ Kg7 35. Qb2+ Kh7 36. Rf2 g3 37. Rg2 gxh2+ 38. Kxh2 Qh4+ 39. Kg1 Qe1+ 40. Kh2 Rh4# 0-1

[Event "Prague op-B 15th"]
[Site "Prague"]
[Date "2016.01.10"]
[Round "4"]
[White "Soural, Karel"]
[Black "Jaeger, Andre"]
[Result "1-0"]
[WhiteElo "2037"]
[BlackElo "1962"]
[PlyCount "65"]
[EventDate "2016.01.08"]
[EventType "swiss"]
[EventRounds "9"]
[EventCountry "CZE"]
[SourceTitle "CBM 170 Extra"]
[Source "ChessBase"]
[SourceDate "2016.02.25"]
[SourceVersion "1"]
[SourceVersionDate "2016.02.25"]
[SourceQuality "1"]

1. e4 c5 2. Nf3 Nc6 3. d4 cxd4 4. Nxd4 Nf6 5. Nc3 e5 6. Ndb5 d6 7. Bg5 a6 8. Na3 Be6 9. Nc4 Rc8 10. Nd5 Bxd5 11. exd5 Ne7 12. Ne3 Qa5+ 13. c3 Nexd5 14. Nf5 Qb6 15. Qc2 h6 16. Bc1 g6 17. Ng3 Bg7 18. Bd3 0-0 19. a3 Ne7 20. Be3 Qc6 21. f3 d5 22. Qd2 Kh7 23. Rd1 Rcd8 24. h4 e4 25. Bb1 Nf5 26. Nxf5 gxf5 27. Bd4 Nh5 28. g4 Bxd4 29. Qxd4 Ng3 30. Rg1 Qc7 31. gxf5 Nxf5 32. Qf6 Qf4 33. Rg7+ 1-0

[Event "Rychnov Seniors op"]
[Site "Rychnov nad Kneznou"]
[Date "2012.08.26"]
[Round "7"]
[White "Soural, Karel"]
[Black "Silar, Ladislav"]
[Result "1/2-1/2"]
[WhiteElo "2053"]
[BlackElo "1849"]
[PlyCount "76"]
[EventDate "2012.08.20"]
[EventType "swiss"]
[EventRounds "9"]
[EventCountry "CZE"]
[SourceTitle "CBM 150 Extra"]
[Source "ChessBase"]
[SourceDate "2012.10.19"]
[SourceVersion "1"]
[SourceVersionDate "2012.10.19"]
[SourceQuality "1"]

1. e4 e6 2. d4 d5 3. exd5 exd5 4. Nf3 Nf6 5. Bd3 Bd6 6. 0-0 0-0 7. Bg5 Bg4 8. Nbd2 Nbd7 9. c4 h6 10. Be3 c6 11. c5 Bc7 12. h3 Bh5 13. g4 Bg6 14. Qc2 Bxd3 15. Qxd3 Nh7 16. Ne5 Bxe5 17. dxe5 Nxe5 18. Qc3 Re8 19. f4 Ng6 20. Bd4 f6 21. Rf2 Qd7 22. f5 Ne5 23. Re1 Nf7 24. Rfe2 Rxe2 25. Rxe2 Re8 26. Re3 Nhg5 27. Rxe8+ Qxe8 28. Qe3 Qxe3+ 29. Bxe3 Nxh3+ 30. Kg2 Nhg5 31. Nb3 Kf8 32. Na5 Nd8 33. b4 a6 34. Bf4 Ke8 35. Bc7 Ngf7 36. Kg3 Kd7 37. Bb6 Kc8 38. Kf4 Kd7 1/2-1/2

[Event "Rychnov Seniors op"]
[Site "Rychnov nad Kneznou"]
[Date "2012.08.21"]
[Round "2"]
[White "Perik, Alois"]
[Black "Soural, Karel"]
[Result "1/2-1/2"]
[WhiteElo "1870"]
[BlackElo "2053"]
[PlyCount "43"]
[EventDate "2012.08.20"]
[EventType "swiss"]
[EventRounds "9"]
[EventCountry "CZE"]
[SourceTitle "CBM 150 Extra"]
[Source "ChessBase"]
[SourceDate "2012.10.19"]
[SourceVersion "1"]
[SourceVersionDate "2012.10.19"]
[SourceQuality "1"]

1. c4 e6 2. Nc3 d5 3. d4 Nf6 4. Bg5 Nbd7 5. Nf3 c6 6. e3 Qa5 7. Bxf6 Nxf6 8. Nd2 Be7 9. Qc2 0-0 10. Bd3 Bd7 11. 0-0 Rac8 12. Rfe1 Qd8 13. c5 g6 14. Nf3 Nh5 15. Ne2 f5 16. Ne5 Bf6 17. f4 Bg7 18. Rf1 Nf6 19. Ng3 Be8 20. b4 Nd7 21. Nxd7 Bxd7 22. Ne2 1/2-1/2

[Event "Rychnov Seniors op"]
[Site "Rychnov nad Kneznou"]
[Date "2012.08.20"]
[Round "1"]
[White "Soural, Karel"]
[Black "Svec, Ludek"]
[Result "1-0"]
[WhiteElo "2053"]
[BlackElo "1782"]
[PlyCount "63"]
[EventDate "2012.08.20"]
[EventType "swiss"]
[EventRounds "9"]
[EventCountry "CZE"]
[SourceTitle "CBM 150 Extra"]
[Source "ChessBase"]
[SourceDate "2012.10.19"]
[SourceVersion "1"]
[SourceVersionDate "2012.10.19"]
[SourceQuality "1"]

1. e4 c5 2. Nf3 Nc6 3. d4 cxd4 4. Nxd4 Nf6 5. Nc3 e6 6. Ndb5 Bb4 7. a3 Bxc3+ 8. Nxc3 0-0 9. Bc4 d5 10. exd5 exd5 11. Bxd5 Nxd5 12. Nxd5 Be6 13. Ne3 Qxd1+ 14. Kxd1 a5 15. a4 Rfd8+ 16. Bd2 Nb4 17. Ke2 Rac8 18. Bxb4 axb4 19. Rhd1 Kf8 20. Rxd8+ Rxd8 21. Rd1 Rxd1 22. Nxd1 Ke7 23. b3 Kd6 24. Nb2 b6 25. Nd3 Bf5 26. Nxb4 Kc5 27. Nd3+ Kd4 28. Kd2 Bd7 29. c3+ Ke4 30. a5 Bc8 31. axb6 Kd5 32. c4+ 1-0

[Event "Nachod op"]
[Site "Nachod"]
[Date "2009.07.07"]
[Round "4"]
[White "Piza, Vlastimil"]
[Black "Soural, Karel"]
[Result "1-0"]
[WhiteElo "2328"]
[BlackElo "2089"]
[PlyCount "74"]
[EventDate "2009.07.04"]
[EventType "swiss"]
[EventRounds "9"]
[EventCountry "CZE"]
[SourceTitle "CBM 131 Extra"]
[Source "ChessBase"]
[SourceDate "2009.09.03"]
[SourceVersion "2"]
[SourceVersionDate "2009.09.16"]
[SourceQuality "1"]

1. c4 Nf6 2. Nc3 e6 3. Nf3 d5 4. d4 c6 5. e3 Be7 6. Qc2 Nbd7 7. a3 0-0 8. Bd3 h6 9. 0-0 b6 10. e4 dxe4 11. Nxe4 Bb7 12. Nxf6+ Nxf6 13. Rd1 Qc7 14. c5 a5 15. g3 Nd5 16. Bf1 Rad8 17. Bd2 b5 18. Qe4 a4 19. Bd3 Nf6 20. Qe2 Rfe8 21. Bf4 Qc8 22. Rac1 Bf8 23. Bb1 Nd5 24. Bd2 Qc7 25. Ne5 f6 26. Ng6 Qf7 27. Qf3 f5 28. Ne5 Qf6 29. h4 g6 30. Ba2 Re7 31. Kg2 Kh7 32. Rh1 Bg7 33. Bg5 Qf8 34. Bxe7 Qxe7 35. Rhe1 Qc7 36. Bb1 Nf6 37. Red1 Nd5 1-0

[Event "Nachod op"]
[Site "Nachod"]
[Date "2006.07.05"]
[Round "5"]
[White "Mrovec, Jan"]
[Black "Soural, Karel"]
[Result "1/2-1/2"]
[WhiteElo "2065"]
[BlackElo "2062"]
[PlyCount "34"]
[EventDate "2006.07.01"]
[EventType "swiss"]
[EventRounds "9"]
[EventCountry "CZE"]
[SourceTitle "CBM 113 Extra"]
[Source "ChessBase"]
[SourceDate "2006.09.14"]
[SourceVersion "1"]
[SourceVersionDate "2006.09.14"]
[SourceQuality "1"]

1. c4 Nf6 2. Nc3 g6 3. d4 Bg7 4. e4 d6 5. f3 0-0 6. Be3 e5 7. Nge2 c6 8. Qd2 Nbd7 9. Rd1 a6 10. dxe5 dxe5 11. c5 Qe7 12. Na4 Re8 13. Nc1 Nf8 14. Nb6 Rb8 15. Bc4 Be6 16. Nd3 N6d7 17. Bxe6 Qxe6 1/2-1/2

[Event "Hradec Kralove Region-chT 0506"]
[Site "Czech Republic"]
[Date "2005.11.27"]
[Round "3.7"]
[White "Dousek, Otakar"]
[Black "Soural, Karel"]
[Result "1-0"]
[WhiteElo "1810"]
[BlackElo "2075"]
[PlyCount "59"]
[EventDate "2005.10.23"]
[EventType "team-tourn"]
[EventRounds "11"]
[EventCountry "CZE"]
[SourceTitle "EXT 2024"]
[Source "ChessBase"]
[SourceDate "2023.10.10"]
[SourceVersion "1"]
[SourceVersionDate "2023.10.10"]
[SourceQuality "1"]
[WhiteTeam "Horice Jiskra"]
[BlackTeam "Nachod Sokol"]
[WhiteTeamCountry "CZE"]
[BlackTeamCountry "CZE"]

1. e4 e5 2. Nf3 Nc6 3. Bb5 a6 4. Ba4 Nf6 5. d3 b5 6. Bb3 Be7 7. 0-0 d6 8. Be3 Na5 9. c3 Nxb3 10. Qxb3 0-0 11. Nbd2 Be6 12. Qc2 c5 13. Ng5 Bd7 14. Ngf3 Qc7 15. h3 Nh5 16. Kh2 Nf4 17. Ng1 Qc8 18. Bxf4 exf4 19. g3 f5 20. Rae1 fxe4 21. Nxe4 d5 22. Nd2 Bd6 23. Ndf3 fxg3+ 24. fxg3 Qc7 25. Qg2 Rf5 26. d4 c4 27. Ne5 Rxf1 28. Qxd5+ Kh8 29. Rxf1 Bxe5 30. Qxa8+ 1-0

[Event "Nachod op 9th"]
[Site "Nachod"]
[Date "2003.??.??"]
[Round "7"]
[White "Moller, Kamil"]
[Black "Soural, Karel"]
[Result "1-0"]
[WhiteElo "1890"]
[BlackElo "2030"]
[PlyCount "47"]
[EventDate "2003.??.??"]
[EventType "swiss"]
[EventRounds "9"]
[EventCountry "CZE"]
[SourceTitle "EXT 2007"]
[Source "ChessBase"]
[SourceDate "2006.11.23"]
[SourceVersion "1"]
[SourceVersionDate "2006.11.23"]
[SourceQuality "1"]

1. e4 e5 2. Bc4 Nf6 3. d4 exd4 4. Nf3 Nc6 5. 0-0 Be7 6. Re1 d6 7. Nxd4 Nxd4 8. Qxd4 0-0 9. Nc3 Be6 10. Bxe6 fxe6 11. e5 Nd7 12. exd6 Bxd6 13. Qc4 Kh8 14. Ne4 Bxh2+ 15. Kxh2 Qh4+ 16. Kg1 Rxf2 17. Bg5 Rxg2+ 18. Kxg2 Qg4+ 19. Kf2 h6 20. Rh1 Rf8+ 21. Ke3 Rf3+ 22. Kd2 Nc5 23. Rxh6+ gxh6 24. Qd4+ 1-0

[Event "Nachod op 9th"]
[Site "Nachod"]
[Date "2003.??.??"]
[Round "1"]
[White "Soural, Karel"]
[Black "Mrovec, Jan"]
[Result "1-0"]
[WhiteElo "2030"]
[BlackElo "1670"]
[PlyCount "45"]
[EventDate "2003.??.??"]
[EventType "swiss"]
[EventRounds "9"]
[EventCountry "CZE"]
[SourceTitle "EXT 2007"]
[Source "ChessBase"]
[SourceDate "2006.11.23"]
[SourceVersion "1"]
[SourceVersionDate "2006.11.23"]
[SourceQuality "1"]

1. e4 c5 2. Nf3 Nc6 3. d4 cxd4 4. Nxd4 Nf6 5. Nc3 e5 6. Ndb5 d6 7. a4 a6 8. Na3 Be6 9. Bc4 Rc8 10. Bd5 Be7 11. 0-0 0-0 12. Nc4 Nb4 13. Ne3 Qc7 14. Ra3 Nfxd5 15. exd5 Bd7 16. a5 b6 17. axb6 Qxb6 18. Na4 Bxa4 19. Rxa4 a5 20. c3 Na6 21. Nf5 Rfe8 22. Qg4 g6 23. Nxe7+ 1-0

[Event "Nachod op 9th"]
[Site "Nachod"]
[Date "2003.??.??"]
[Round "2"]
[White "Tomisek, Petr"]
[Black "Soural, Karel"]
[Result "0-1"]
[WhiteElo "1860"]
[BlackElo "2030"]
[PlyCount "82"]
[EventDate "2003.??.??"]
[EventType "swiss"]
[EventRounds "9"]
[EventCountry "CZE"]
[SourceTitle "EXT 2007"]
[Source "ChessBase"]
[SourceDate "2006.11.23"]
[SourceVersion "1"]
[SourceVersionDate "2006.11.23"]
[SourceQuality "1"]

1. e4 e5 2. Bc4 Nf6 3. d4 exd4 4. Nf3 Nc6 5. e5 Ne4 6. 0-0 Be7 7. Re1 d5 8. Bb5 0-0 9. Bxc6 bxc6 10. Nxd4 Bd7 11. Nd2 Nxd2 12. Bxd2 c5 13. Nf3 Bg4 14. c3 Rb8 15. b3 f6 16. Bf4 fxe5 17. Bxe5 Bxf3 18. gxf3 Rb6 19. Qd3 Rh6 20. Rad1 c6 21. Qe3 Bd6 22. Bg3 Qd7 23. Qe2 Qh3 24. Rd3 Rg6 25. Re3 h5 26. Re6 Rff6 27. Rxf6 Rxf6 28. Kh1 Qf5 29. Kg2 Rg6 30. h4 Kh7 31. Kh2 Qf6 32. Kh3 Qxc3 33. f4 Bxf4 34. Qxh5+ Bh6 35. Re8 Qd3 36. Kg2 Rf6 37. Kh2 c4 38. bxc4 Qxc4 39. Re7 Qxa2 40. Kh3 Qb1 41. Kh2 a5 0-1

[Event "Nachod op 7th"]
[Site "Nachod"]
[Date "2001.??.??"]
[Round "6"]
[White "Laznicka, Viktor"]
[Black "Soural, Karel"]
[Result "1-0"]
[WhiteElo "2090"]
[BlackElo "2020"]
[PlyCount "103"]
[EventDate "2001.??.??"]
[EventType "swiss"]
[EventRounds "9"]
[EventCountry "CZE"]
[SourceTitle "EXT 2007"]
[Source "ChessBase"]
[SourceDate "2006.11.23"]
[SourceVersion "1"]
[SourceVersionDate "2006.11.23"]
[SourceQuality "1"]

1. e4 e5 2. Nc3 Nc6 3. Bc4 Nf6 4. d3 Na5 5. Bb3 Nxb3 6. axb3 d5 7. Bg5 dxe4 8. dxe4 Qxd1+ 9. Rxd1 Bb4 10. Nge2 Be6 11. 0-0 c6 12. Ng3 Nd7 13. Nce2 Bc5 14. Nf5 0-0 15. Be3 Bxe3 16. Nxe3 Nf6 17. f3 Rfd8 18. Nc1 Kf8 19. Nd3 Nd7 20. Rf2 Ke7 21. Rfd2 f6 22. b4 a6 23. Kf2 b6 24. b3 Nf8 25. Nb2 Rxd2+ 26. Rxd2 Rd8 27. Rxd8 Kxd8 28. Na4 Kc7 29. g3 Nd7 30. Ke2 b5 31. Nb2 c5 32. bxc5 Nxc5 33. b4 Nb7 34. Nbd1 Nd8 35. Nc3 Nc6 36. Ncd5+ Kd6 37. c3 a5 38. bxa5 Nxa5 39. h4 Kc5 40. h5 h6 41. Ne7 Nc4 42. N3f5 Na3 43. Nxg7 Ba2 44. Ngf5 Kc4 45. Nd5 Nb1 46. Nfe3+ Kb3 47. Kd3 Kb2 48. c4 bxc4+ 49. Nxc4+ Bxc4+ 50. Kxc4 Nd2+ 51. Kd3 Nxf3 52. Nxf6 1-0

[Event "Nachod op 7th"]
[Site "Nachod"]
[Date "2001.??.??"]
[Round "7"]
[White "Soural, Karel"]
[Black "Horak, Jiri"]
[Result "0-1"]
[WhiteElo "2020"]
[BlackElo "2200"]
[PlyCount "24"]
[EventDate "2001.??.??"]
[EventType "swiss"]
[EventRounds "9"]
[EventCountry "CZE"]
[SourceTitle "EXT 2007"]
[Source "ChessBase"]
[SourceDate "2006.11.23"]
[SourceVersion "1"]
[SourceVersionDate "2006.11.23"]
[SourceQuality "1"]

1. e4 e5 2. Nf3 Nc6 3. Bc4 Nf6 4. d3 Bc5 5. c3 a6 6. b4 Ba7 7. 0-0 d6 8. Be3 Bg4 9. Nbd2 Qd7 10. Bxa7 Nxa7 11. a4 0-0 12. Qb3 b5 0-1